| 000 | 00765nam a2200253 a 4500 | ||
|---|---|---|---|
| 003 | AR-BaBNM | ||
| 005 | 20251128203710.0 | ||
| 008 | 082120s2002 ||||||||||||||000 | spa|| | ||
| 040 | _cAR-BaBNM | ||
| 100 | 1 | _aGalván Moreno, C. | |
| 245 | 0 | 0 |
_aBandos y proclamas del General San Martín _buna exposición documental de su heroica gesta libertadora |
| 260 |
_aBuenos Aires _bClaridad _c1947 |
||
| 300 |
_a251 p. _bil.,láms. |
||
| 490 | 0 |
_aBiblioteca sanmartiniana _vv. 3 |
|
| 650 | 4 | _aPERIODO INDEPENDIENTE | |
| 650 | 4 | _aBATALLA DE MAIPU | |
| 650 | 4 | _aBATALLA DE CANCHA RAYADA | |
| 650 | 4 | _aCAMPAÑAS LIBERTADORAS | |
| 650 | 4 | _aHISTORIA MILITAR | |
| 650 | 4 | _aCAMPAÑA DE LOS ANDES | |
| 650 | 4 | _aREGRESO DE SAN MARTIN | |
| 942 | _cBK | ||
| 998 | _cmariana | ||
| 999 |
_c4538 _d4538 |
||